<?xml version="1.0" encoding="UTF-8"?>
<record
    xmlns:xsi="http://www.w3.org/2001/XMLSchema-instance"
    xsi:schemaLocation="http://www.loc.gov/MARC21/slim http://www.loc.gov/standards/marcxml/schema/MARC21slim.xsd"
    xmlns="http://www.loc.gov/MARC21/slim">

  <leader>02415cam a22004098a 4500</leader>
  <controlfield tag="001">16273762</controlfield>
  <controlfield tag="003">OSt</controlfield>
  <controlfield tag="005">20150408114105.0</controlfield>
  <controlfield tag="008">100601s2011    enk      b    001 0 eng  </controlfield>
  <datafield tag="010" ind1=" " ind2=" ">
    <subfield code="a">  2010022795</subfield>
  </datafield>
  <datafield tag="020" ind1=" " ind2=" ">
    <subfield code="a">9781405184311 (pbk. : alk. paper)</subfield>
  </datafield>
  <datafield tag="020" ind1=" " ind2=" ">
    <subfield code="a">9780230211926</subfield>
  </datafield>
  <datafield tag="035" ind1=" " ind2=" ">
    <subfield code="a">(DNLM)101532262</subfield>
  </datafield>
  <datafield tag="040" ind1=" " ind2=" ">
    <subfield code="a">DNLM/DLC</subfield>
    <subfield code="c">DLC</subfield>
  </datafield>
  <datafield tag="042" ind1=" " ind2=" ">
    <subfield code="a">pcc</subfield>
  </datafield>
  <datafield tag="050" ind1="0" ind2="0">
    <subfield code="a">RG950</subfield>
    <subfield code="b">.E65 2011</subfield>
  </datafield>
  <datafield tag="060" ind1="1" ind2="0">
    <subfield code="a">WQ 160</subfield>
    <subfield code="b">E779 2011</subfield>
  </datafield>
  <datafield tag="082" ind1="0" ind2="0">
    <subfield code="a">618.2</subfield>
    <subfield code="2">22</subfield>
    <subfield code="b">THM</subfield>
  </datafield>
  <datafield tag="245" ind1="0" ind2="0">
    <subfield code="a">Theory for Midwifery Practice</subfield>
    <subfield code="c">edited by Soo Downe, Sheena Byrom, and Louise Simpson.</subfield>
  </datafield>
  <datafield tag="246" ind1="1" ind2="3">
    <subfield code="a">Expertise, leadership, and collaborative working</subfield>
  </datafield>
  <datafield tag="260" ind1=" " ind2=" ">
    <subfield code="a">Chichester, West Sussex, U.K. :</subfield>
    <subfield code="b">Wiley-Blackwell,</subfield>
    <subfield code="c">2011.</subfield>
  </datafield>
  <datafield tag="263" ind1=" " ind2=" ">
    <subfield code="a">1102</subfield>
  </datafield>
  <datafield tag="300" ind1=" " ind2=" ">
    <subfield code="a">p. ;</subfield>
    <subfield code="c">cm.</subfield>
  </datafield>
  <datafield tag="504" ind1=" " ind2=" ">
    <subfield code="a">Includes bibliographical references and index.</subfield>
  </datafield>
  <datafield tag="505" ind1="0" ind2=" ">
    <subfield code="a">Midwifery leadership : theory, practice and potential / Sheena Byrom and Lesley Kay -- Transformational leadership and midwifery : a nested narrative review / Sheena Byrom, Anna Byrom, and Soo Downe -- What do leaders do to influence maternity services? : midwifery leadership as applied to case studies / Sheena Byrom ... [et al.] -- Leadership for effective change in mother and infant health : lessons learned from a programme of work on breastfeeding / Mary Renfrew -- The notion of expertise / Soo Downe &amp; Louise Simpson -- Expertise in intrapartum midwifery practice / Louise Simpson &amp; Soo Downe -- Enhancing expertise and skills through education / Denis Walsh -- What is a skilled birth attendant? : insights from South America / Anne Davenport -- Collaboration : theories, models, and maternity care / Soo Downe and Kenny Finlayson -- Case studies of collaboration in the UK and China / Ngai Fen Cheung and Anita Fleming -- Using collaborative theories to reduce caesarean section rates and improve maternal and infant wellbeing / Alison Brodrick ... [et al.] -- Bringing it all together / Soo Downe, Louise Simpson, Sheena Byrom.</subfield>
  </datafield>
  <datafield tag="650" ind1=" " ind2="0">
    <subfield code="a">Midwifery.</subfield>
  </datafield>
  <datafield tag="650" ind1="1" ind2="2">
    <subfield code="a">Midwifery.</subfield>
  </datafield>
  <datafield tag="650" ind1="2" ind2="2">
    <subfield code="a">Cooperative Behavior.</subfield>
    <subfield code="9">18659</subfield>
  </datafield>
  <datafield tag="650" ind1="2" ind2="2">
    <subfield code="a">Leadership.</subfield>
  </datafield>
  <datafield tag="650" ind1="2" ind2="2">
    <subfield code="a">Professional Competence.</subfield>
    <subfield code="9">18616</subfield>
  </datafield>
  <datafield tag="700" ind1="1" ind2=" ">
    <subfield code="a">Downe, Soo.</subfield>
    <subfield code="9">13271</subfield>
  </datafield>
  <datafield tag="700" ind1="1" ind2=" ">
    <subfield code="a">Byrom, Sheena.</subfield>
    <subfield code="9">18660</subfield>
  </datafield>
  <datafield tag="700" ind1="1" ind2=" ">
    <subfield code="a">Simpson, Louise,</subfield>
    <subfield code="c">RM.</subfield>
    <subfield code="9">18661</subfield>
  </datafield>
  <datafield tag="906" ind1=" " ind2=" ">
    <subfield code="a">7</subfield>
    <subfield code="b">cbc</subfield>
    <subfield code="c">orignew</subfield>
    <subfield code="d">1</subfield>
    <subfield code="e">ecip</subfield>
    <subfield code="f">20</subfield>
    <subfield code="g">y-gencatlg</subfield>
  </datafield>
  <datafield tag="942" ind1=" " ind2=" ">
    <subfield code="2">ddc</subfield>
    <subfield code="c">DVD</subfield>
  </datafield>
  <datafield tag="999" ind1=" " ind2=" ">
    <subfield code="c">26532</subfield>
    <subfield code="d">261032</subfield>
  </datafield>
  <datafield tag="952" ind1=" " ind2=" ">
    <subfield code="1">0</subfield>
    <subfield code="2">2013-03-10</subfield>
    <subfield code="4">0</subfield>
    <subfield code="7">0</subfield>
    <subfield code="a">618.2 THM</subfield>
    <subfield code="d">2012-12-26</subfield>
    <subfield code="h">CL</subfield>
    <subfield code="i">00400627</subfield>
    <subfield code="m">CL</subfield>
    <subfield code="r">2013-03-10 00:00:00</subfield>
    <subfield code="t">BOOK</subfield>
    <subfield code="w">ddc</subfield>
    <subfield code="y">0</subfield>
  </datafield>
  <datafield tag="952" ind1=" " ind2=" ">
    <subfield code="1">0</subfield>
    <subfield code="2">2013-03-10</subfield>
    <subfield code="4">0</subfield>
    <subfield code="7">0</subfield>
    <subfield code="a">618.2 THM</subfield>
    <subfield code="d">2012-12-27</subfield>
    <subfield code="h">CL</subfield>
    <subfield code="i">00400628</subfield>
    <subfield code="m">CL</subfield>
    <subfield code="r">2013-03-10 00:00:00</subfield>
    <subfield code="t">BOOK</subfield>
    <subfield code="w">ddc</subfield>
    <subfield code="y">0</subfield>
  </datafield>
  <datafield tag="952" ind1=" " ind2=" ">
    <subfield code="1">0</subfield>
    <subfield code="2">2013-03-10</subfield>
    <subfield code="4">0</subfield>
    <subfield code="7">0</subfield>
    <subfield code="a">618.2 THM</subfield>
    <subfield code="d">2012-12-27</subfield>
    <subfield code="h">CL</subfield>
    <subfield code="i">00400629</subfield>
    <subfield code="m">CL</subfield>
    <subfield code="r">2013-03-10 00:00:00</subfield>
    <subfield code="t">BOOK</subfield>
    <subfield code="w">ddc</subfield>
    <subfield code="y">0</subfield>
  </datafield>
</record>
